[Event "SC Aurich-SG Grün-Weiß Baumschulenweg"]
[Site "?"]
[Date "2012.12.27"]
[Round "2.4"]
[White "Ufkes, Thilo"]
[Black "Hüls, Maximilian"]
[Result "0-1"]
[WhiteElo "895"]
[BlackElo "1482"]
[PlyCount "78"]
[EventDate "2012.??.??"]
[WhiteTeam "SC Aurich"]
[BlackTeam "SG Grün-Weiß Baumschulenweg"]

1. e4 c5 2. Nf3 Nc6 3. d4 cxd4 4. Nxd4 Nf6 5. e5 Nxe5 6. Nc3 Nc6 7. Nf3 d5 8.
Bd3 e5 9. Bb5 e4 10. Nd4 Bd7 11. O-O Nxd4 12. Bxd7+ Qxd7 13. Qxd4 Be7 14. Bf4
O-O 15. Rad1 Rfd8 16. Rfe1 Rac8 17. Qxa7 Bc5 18. Qa4 Qxa4 19. Nxa4 Ba7 20. c3
Ng4 21. Re2 b5 22. h3 Nf6 23. Bg5 bxa4 24. Red2 Rc5 25. Be3 Ra5 26. Bg5 h6 27.
Bh4 e3 28. Re2 exf2+ 29. Bxf2 Bxf2+ 30. Rxf2 Ne4 31. Re2 f5 32. Rf1 g6 33. Rd1
d4 34. cxd4 Rad5 35. b4 Nc3 36. Re8+ Rxe8 37. Rd2 Re1+ 38. Kh2 Rd1 39. Rxd1
Nxd1 0-1

[Event "TuS Coswig 1920-Karlsruher SF 1853"]
[Site "?"]
[Date "2012.12.27"]
[Round "2.4"]
[White "von Koslowski, Wilhelm"]
[Black "Koll, Linus"]
[Result "1-0"]
[WhiteElo "1281"]
[BlackElo "1197"]
[PlyCount "71"]
[EventDate "2012.??.??"]
[WhiteTeam "TuS Coswig 1920"]
[BlackTeam "Karlsruher SF 1853"]

1. e4 e5 2. Nf3 Nc6 3. d4 exd4 4. Nxd4 Bc5 5. Be3 Qf6 6. c3 Nge7 7. Bc4 d6 8.
Nxc6 Nxc6 9. Bxc5 dxc5 10. O-O O-O 11. f4 Qh6 12. Qe2 Be6 13. Nd2 Rac8 14. Bxe6
fxe6 15. Qg4 e5 16. g3 b6 17. Rf2 exf4 18. Rxf4 Rxf4 19. Qxf4 Qxf4 20. gxf4 g6
21. Kf2 Rf8 22. Ke3 Nd8 23. Rf1 Ne6 24. Rf2 Rf7 25. f5 gxf5 26. Rxf5 Rxf5 27.
exf5 Ng7 28. Ke4 Kf7 29. Nf1 Kf6 30. Ng3 c6 31. c4 h6 32. a4 a5 33. b3 Ne8 34.
Kf4 Ng7 35. Ne4+ Kf7 36. Ke5 1-0

[Event "SK München Südost-Hagener SV"]
[Site "?"]
[Date "2012.12.27"]
[Round "2.4"]
[White "Voigt, Tobias"]
[Black "Pitzer, Alexander"]
[Result "0-1"]
[WhiteElo "963"]
[BlackElo "1356"]
[PlyCount "72"]
[EventDate "2012.??.??"]
[WhiteTeam "SK München Südost"]
[BlackTeam "Hagener SV"]

1. e4 e6 2. d4 d5 3. exd5 exd5 4. Nf3 Bd6 5. Nc3 Ne7 6. Bd3 Nbc6 7. O-O Bg4 8.
Re1 Nxd4 9. Be2 Nxe2+ 10. Qxe2 c6 11. Qe3 Qc7 12. g3 O-O 13. Qg5 Bxf3 14. b3 f6
15. Qe3 Bg4 16. Bb2 Ng6 17. Qd4 Bd7 18. Rad1 Be5 19. Qd3 Rfe8 20. Ba3 Bd6 21.
Rxe8+ Rxe8 22. Bxd6 Qxd6 23. h4 Ne5 24. Qf1 Bg4 25. f4 Bxd1 26. fxe5 Qc5+ 27.
Kh2 Qxc3 28. exf6 Qd2+ 29. Kh3 Re1 30. f7+ Kf8 31. Qg2 Bg4+ 32. Kh2 Re2 33.
Qxe2 Qxe2+ 34. Kg1 Kxf7 35. a4 Bf3 36. a5 Qg2# 0-1

[Event "SG Aufbau Elbe Magdeburg-Hamburger SK vo"]
[Site "?"]
[Date "2012.12.27"]
[Round "2.4"]
[White "Niemann, Alexander"]
[Black "Pajeken, Jakob Leon"]
[Result "0-1"]
[WhiteElo "1458"]
[BlackElo "1475"]
[PlyCount "53"]
[EventDate "2012.??.??"]
[WhiteTeam "SG Aufbau Elbe Magdeburg"]
[BlackTeam "Hamburger SK von 1830"]

1. e4 e5 2. Nf3 Nc6 3. Bc4 Bc5 4. O-O Nf6 5. d4 Bxd4 6. Nxd4 Nxd4 7. Bg5 Qe7 8.
Nc3 c6 9. f4 d6 10. fxe5 Qxe5 11. Ne2 Ne6 12. Ng3 Nxg5 13. Qd3 Be6 14. Bxe6
Nxe6 15. Nf5 Qc5+ 16. Kh1 Rd8 17. Qg3 Rg8 18. Rae1 Rd7 19. c3 Kd8 20. b4 Qb5
21. a4 Qb6 22. e5 dxe5 23. Qxe5 Qc7 24. Qxc7+ Kxc7 25. Nxg7 Rxg7 26. Rxf6 Rd2
27. Ref1 0-1

[Event "SK München Südost-Hagener SV"]
[Site "?"]
[Date "2012.12.27"]
[Round "2.2"]
[White "Huber, Benedikt"]
[Black "Hoppe, Andreas"]
[Result "0-1"]
[WhiteElo "1445"]
[BlackElo "1615"]
[PlyCount "52"]
[EventDate "2012.??.??"]
[WhiteTeam "SK München Südost"]
[BlackTeam "Hagener SV"]

1. d4 d5 2. Bf4 Nc6 3. e3 Nf6 4. Nf3 e6 5. c4 Bd6 6. Bg3 Bb4+ 7. Nc3 Ne4 8. Qb3
a5 9. a3 Bxc3+ 10. bxc3 dxc4 11. Bxc4 Nd6 12. Bd3 O-O 13. O-O Ne7 14. e4 b6 15.
e5 Ndf5 16. Bf4 Bb7 17. Be2 Bd5 18. Qc2 Bb7 19. Ng5 h6 20. Nf3 Nd5 21. Bd2 Nfe7
22. c4 Rc8 23. cxd5 Qxd5 24. Rfd1 Nf5 25. Rac1 Nxd4 26. Nxd4 Qxg2# 0-1

[Event "SR Spaichingen-Sfr. Schöneck"]
[Site "?"]
[Date "2012.12.27"]
[Round "2.2"]
[White "Molitor, Marwin"]
[Black "Herbert, Fabian"]
[Result "1-0"]
[WhiteElo "1285"]
[BlackElo "1092"]
[PlyCount "129"]
[EventDate "2012.??.??"]
[WhiteTeam "SR Spaichingen"]
[BlackTeam "Sfr. Schöneck"]

1. e4 e5 2. Nf3 Nc6 3. Bb5 d6 4. Nc3 Nf6 5. d3 Be7 6. Bg5 O-O 7. O-O Bg4 8. Re1
Nd4 9. Kh1 Bxf3 10. gxf3 c6 11. Bc4 h6 12. Be3 Ne6 13. Rg1 Kh8 14. Qf1 d5 15.
exd5 cxd5 16. Bb3 d4 17. Bxe6 fxe6 18. Qg2 Rg8 19. Ne4 dxe3 20. fxe3 Qb6 21.
Qh3 Rac8 22. Ng5 Rxc2 23. Nf7+ Kh7 24. Ng5+ Kh8 25. Nf7+ Kh7 26. Ng5+ Kg6 27.
Ne4+ Kf7 28. Nxf6 Bxf6 29. Qh5+ Kf8 30. Rac1 Rxc1 31. Rxc1 Qd8 32. Qg4 Ke7 33.
Qb4+ Kf7 34. Qxb7+ Be7 35. Qxa7 Re8 36. b4 Qd5 37. e4 Qxd3 38. Kg1 Qxf3 39. Rf1
Qxf1+ 40. Kxf1 Kf6 41. b5 Rd8 42. Qf2+ Kg6 43. Qg3+ Kf7 44. Ke2 Rc8 45. Qb3 Rb8
46. a4 Bd8 47. Qf3+ Bf6 48. Qc3 Rb7 49. b6 Bd8 50. Qc8 Rxb6 51. Qxd8 Rb2+ 52.
Kd1 Rb4 53. Qc7+ Kf6 54. Qd8+ Kg6 55. Qe8+ Kf6 56. Qf8+ Kg6 57. Qxb4 Kf7 58. a5
Kg6 59. a6 Kf7 60. a7 Kg6 61. a8=Q Kh7 62. Qe7 Kg6 63. Qae8+ Kh7 64. Q8f7 h5
65. Qxg7# 1-0

[Event "Lübecker SV von 1873-SG Leipzig"]
[Site "?"]
[Date "2012.12.27"]
[Round "2.4"]
[White "Tiedemann, Fin Niklas"]
[Black "Knüpfer, Tim"]
[Result "1/2-1/2"]
[WhiteElo "1471"]
[BlackElo "1348"]
[PlyCount "101"]
[EventDate "2012.??.??"]
[WhiteTeam "Lübecker SV von 1873"]
[BlackTeam "SG Leipzig"]

1. e4 c5 2. Nf3 Nc6 3. d4 cxd4 4. Nxd4 Nf6 5. Nc3 e5 6. Ndb5 d6 7. Bg5 a6 8.
Na3 b5 9. Nd5 Be7 10. Nxe7 Qxe7 11. c3 Bb7 12. Bd3 h6 13. Bh4 Nd8 14. Qe2 O-O
15. Rf1 Ne6 16. Bg3 Nc5 17. f3 Rfd8 18. Rd1 Rac8 19. Bb1 Nh5 20. Nc2 Nxg3 21.
hxg3 d5 22. exd5 Bxd5 23. Ne3 Be6 24. Rxd8+ Rxd8 25. Qc2 g6 26. Kf2 Qa7 27. Rd1
Rxd1 28. Qxd1 Qb6 29. Ke2 Kf8 30. Qd2 Ke7 31. Nd5+ Bxd5 32. Qxd5 Qd6 33. Qa8
Na4 34. Qa7+ Ke6 35. Qe3 Nxb2 36. Bc2 h5 37. Qg5 Qc5 38. Bb3+ Nc4 39. g4 hxg4
40. Qxg4+ Kd6 41. Qg5 Kd7 42. Qc1 f5 43. Qd1+ Kc6 44. Qd3 a5 45. a4 Nb2 46. Qd8
bxa4 47. Qc8+ Kb5 48. Qb7+ Qb6 49. Qd5+ Ka6 50. Qa8+ Qa7 51. Qc6+ 1/2-1/2

[Event "TuS Coswig 1920-Karlsruher SF 1853"]
[Site "?"]
[Date "2012.12.27"]
[Round "2.1"]
[White "Joeres, Stefan"]
[Black "Enache, Rares"]
[Result "0-1"]
[WhiteElo "1321"]
[BlackElo "1463"]
[PlyCount "91"]
[EventDate "2012.??.??"]
[WhiteTeam "Karlsruher SF 1853"]
[BlackTeam "TuS Coswig 1920"]

1. e4 d5 2. exd5 Qxd5 3. Nc3 Qa5 4. d4 c6 5. d5 Bf5 6. Bc4 Nf6 7. Nf3 b5 8. Bb3
b4 9. Ne2 Nxd5 10. Bxd5 Qxd5 11. Qxd5 cxd5 12. Ned4 Bd7 13. Bd2 e6 14. Ne5 Bd6
15. Nxd7 Kxd7 16. a3 bxa3 17. bxa3 Nc6 18. Nxc6 Kxc6 19. O-O Rab8 20. Bb4 Rhc8
21. c3 Ra8 22. Rab1 a5 23. Bxd6 Kxd6 24. Rb6+ Ke7 25. Rb7+ Kf6 26. Rc1 Rab8 27.
Ra7 Rxc3 28. Rd1 Rxa3 29. Kf1 Ra2 30. Rc1 Rbb2 31. Kg1 Rc2 32. Rb1 a4 33. g3 a3
34. Rf1 Rc3 35. h3 Rb2 36. h4 a2 37. Kg2 Rcc2 38. g4 Rb1 39. Rxa2 Rxa2 40. Rxb1
d4 41. Kf3 d3 42. Rd1 d2 43. Ke3 Ke5 44. f3 Ra3+ 45. Kxd2 Rxf3 46. Rg1 0-1

[Event "Turm Wadern-SF Gerresheim 86"]
[Site "?"]
[Date "2012.12.27"]
[Round "2.2"]
[White "Schumacher, Aaron"]
[Black "Oezdemir, Edwin-Daniel"]
[Result "0-1"]
[WhiteElo "1123"]
[BlackElo "1243"]
[PlyCount "76"]
[EventDate "2012.??.??"]
[WhiteTeam "Turm Wadern"]
[BlackTeam "SF Gerresheim 86"]

1. e4 e5 2. Nf3 Nf6 3. Nc3 Bb4 4. Bc4 O-O 5. d3 d5 6. Bb3 d4 7. a3 Ba5 8. Bd2
dxc3 9. Bxc3 Bxc3+ 10. bxc3 Bg4 11. h3 Bh5 12. g4 Bg6 13. Nxe5 Qe7 14. Nxg6
hxg6 15. g5 Nh5 16. Rb1 Qxg5 17. Bd5 c6 18. Bc4 b5 19. Bb3 Nd7 20. c4 a6 21. c3
Ne5 22. cxb5 axb5 23. Ra1 Qg2 24. Rf1 Nf3+ 25. Ke2 Ng3+ 26. Ke3 Nxf1+ 27. Qxf1
Qxf1 28. Rxf1 Ng5 29. h4 Ne6 30. d4 Rxa3 31. Bc2 Rxc3+ 32. Bd3 Nf4 33. Rd1 Nxd3
34. Rxd3 Rxd3+ 35. Kxd3 f5 36. exf5 gxf5 37. f4 Rd8 38. h5 c5 0-1

[Event "Turm Wadern-SF Gerresheim 86"]
[Site "?"]
[Date "2012.12.27"]
[Round "2.1"]
[White "Savchenko, Daniel"]
[Black "Zimmer, Luca"]
[Result "1-0"]
[WhiteElo "1650"]
[BlackElo "1124"]
[PlyCount "69"]
[EventDate "2012.??.??"]
[WhiteTeam "SF Gerresheim 86"]
[BlackTeam "Turm Wadern"]

1. e4 e6 2. d4 d5 3. Nd2 c5 4. exd5 exd5 5. Bb5+ Nc6 6. Qe2+ Be6 7. dxc5 Bxc5
8. Nb3 Bd6 9. Nd4 Qd7 10. Ngf3 Nge7 11. O-O O-O 12. Bg5 Rfe8 13. Bxe7 Rxe7 14.
Qd3 Rc8 15. Rfe1 Rf8 16. c3 f5 17. Rad1 Rf6 18. Nxe6 Rexe6 19. Qxd5 Kf8 20. Ne5
Qe7 21. Nf3 Qd7 22. Kf1 Rh6 23. Ng5 Rxe1+ 24. Rxe1 Rxh2 25. Ne6+ Ke8 26. Nc5+
Qe7 27. Rxe7+ Bxe7 28. Bxc6+ bxc6 29. Qxc6+ Kf8 30. Qe6 Ke8 31. Qxf5 g6 32. Qe5
Rh5 33. Qb8+ Kf7 34. Nd3 Rh1+ 35. Ke2 1-0

[Event "SG Blau-Weiß Stadtilm-Märkischer Spr. Ha"]
[Site "?"]
[Date "2012.12.27"]
[Round "2.3"]
[White "Browning, Alex"]
[Black "Adler, Jakob"]
[Result "1/2-1/2"]
[WhiteElo "1054"]
[BlackElo "1176"]
[PlyCount "69"]
[EventDate "2012.??.??"]
[WhiteTeam "Märkischer Spr. Halver-Schalksm."]
[BlackTeam "SG Blau-Weiß Stadtilm"]

1. e4 c5 2. d4 cxd4 3. c3 Nf6 4. e5 Nd5 5. cxd4 e6 6. Nf3 b6 7. Nc3 Bb7 8. Be3
Nxc3 9. bxc3 d5 10. Be2 Qc7 11. Rc1 Nd7 12. Qb3 a5 13. a4 Be7 14. O-O O-O-O 15.
c4 Kb8 16. cxd5 Bxd5 17. Qb2 Qb7 18. Rb1 Rdg8 19. Bd2 h5 20. Bxa5 bxa5 21. Qc3
Nb6 22. Ne1 Bxg2 23. Bf3 Bxf3 24. Nxf3 g5 25. Qxa5 Bd8 26. Qc3 h4 27. Rfc1 h3
28. a5 g4 29. Ne1 g3 30. fxg3 Rh4 31. Kf2 Rgg4 32. a6 Qxa6 33. Qc6 Rxd4 34. Rb2
Rhg4 35. Kg1 1/2-1/2

[Event "SC Erlangen 48/88-SV Worms 1878"]
[Site "?"]
[Date "2012.12.27"]
[Round "2.1"]
[White "Burg, Niclas"]
[Black "Dürr, Florian"]
[Result "1/2-1/2"]
[WhiteElo "1729"]
[BlackElo "1839"]
[PlyCount "67"]
[EventDate "2012.??.??"]
[WhiteTeam "SV Worms 1878"]
[BlackTeam "SC Erlangen 48/88"]

1. e4 e6 2. d4 d5 3. e5 c5 4. c3 Nc6 5. Nf3 Qb6 6. Bd3 Bd7 7. O-O cxd4 8. cxd4
Nxd4 9. Nxd4 Qxd4 10. Qe2 Ne7 11. Kh1 Nc6 12. Be3 Qxe5 13. f4 Qc7 14. f5 Be7
15. Nc3 Qd8 16. Bf4 Rc8 17. Rae1 Qa5 18. Qg4 Bf6 19. Nb5 Ke7 20. Bd6+ Kd8 21.
b4 Qa4 22. fxe6 fxe6 23. Re3 e5 24. Qg3 d4 25. Ree1 a6 26. Rxf6 gxf6 27. Qg7
Re8 28. Qxf6+ Ne7 29. Qxe5 axb5 30. Bxe7+ Rxe7 31. Qxe7+ Kc7 32. Qe5+ Kd8 33.
Qe7+ Kc7 34. Qe5+ 1/2-1/2

[Event "Lübecker SV von 1873-SG Leipzig"]
[Site "?"]
[Date "2012.12.27"]
[Round "2.3"]
[White "Oltmanns, Jannik"]
[Black "Rieß, Alexander"]
[Result "0-1"]
[WhiteElo "1426"]
[BlackElo "1510"]
[PlyCount "65"]
[EventDate "2012.??.??"]
[WhiteTeam "SG Leipzig"]
[BlackTeam "Lübecker SV von 1873"]

1. d4 Nf6 2. c4 g6 3. Nc3 Bg7 4. e4 d6 5. f4 O-O 6. Be3 Nbd7 7. Be2 c5 8. d5 a6
9. a4 b6 10. h4 h5 11. g4 hxg4 12. Bxg4 Nxg4 13. Qxg4 Ne5 14. Qe2 Bg4 15. Qf1
Nd7 16. Nf3 e5 17. Qg2 Bxf3 18. Qxf3 exf4 19. Bxf4 Ne5 20. Qe2 Qf6 21. Rf1
Qxh4+ 22. Kd2 Bh6 23. Bxh6 Qxh6+ 24. Kc2 Kg7 25. Rh1 Qf4 26. Raf1 Qg4 27. Qf2
Qg5 28. Rfg1 Qe7 29. Qe2 Rh8 30. b3 Rh4 31. Rxh4 Qxh4 32. Kc1 Qh3 33. Re1 0-1

[Event "Lübecker SV von 1873-SG Leipzig"]
[Site "?"]
[Date "2012.12.27"]
[Round "2.1"]
[White "Teichmann, Felix"]
[Black "Kololli, Kevin"]
[Result "1/2-1/2"]
[WhiteElo "1668"]
[BlackElo "1746"]
[PlyCount "64"]
[EventDate "2012.??.??"]
[WhiteTeam "SG Leipzig"]
[BlackTeam "Lübecker SV von 1873"]

1. d4 Nf6 2. Nf3 e6 3. c3 c5 4. e3 Nc6 5. Bd3 d5 6. O-O Bd6 7. Re1 O-O 8. Nbd2
e5 9. dxe5 Nxe5 10. Nxe5 Bxe5 11. e4 Re8 12. exd5 Qxd5 13. Ne4 Bf5 14. Nxf6+
Bxf6 15. Bxf5 Qxf5 16. Rxe8+ Rxe8 17. Be3 Rd8 18. Qb3 Qd5 19. Qxd5 Rxd5 20. Kf1
Kf8 21. Ke2 Ke7 22. Rd1 Kd6 23. Rd3 a6 24. b3 b5 25. c4 Rxd3 26. Kxd3 g6 27.
Ke4 Bg7 28. g4 Bf6 29. g5 Be7 30. Bf4+ Ke6 31. Be3 bxc4 32. bxc4 Bd6 1/2-1/2

[Event "SF Biberach-SC Porta Westfalica Holtrup"]
[Site "?"]
[Date "2012.12.27"]
[Round "2.1"]
[White "Roos, Jonas"]
[Black "Eurich, Alexander"]
[Result "1-0"]
[WhiteElo "1510"]
[BlackElo "1120"]
[PlyCount "61"]
[EventDate "2012.??.??"]
[WhiteTeam "SC Porta Westfalica Holtrup"]
[BlackTeam "SF Biberach"]

1. e4 e5 2. Nf3 Nc6 3. Bc4 Bc5 4. c3 Nf6 5. d3 h6 6. O-O O-O 7. Bb3 d6 8. Re1
Bg4 9. Nbd2 a6 10. h3 Bh5 11. Nf1 Ne7 12. Ng3 Bxf3 13. Qxf3 c6 14. Bxh6 Nh7 15.
Qg4 g6 16. Nf5 Kh8 17. Bg7+ Kg8 18. Bxf8 Kxf8 19. Nh6 Ng8 20. Nxg8 Kg7 21. Bxf7
Kxf7 22. Nh6+ Kg7 23. Nf5+ Kf7 24. Ne3 Kg7 25. Nc2 Qb6 26. Ne3 Qxb2 27. Rab1
Qxc3 28. Rxb7+ Kf8 29. Qf3+ Ke8 30. Qf7+ Kd8 31. Qd7# 1-0

[Event "TuS Coswig 1920-Karlsruher SF 1853"]
[Site "?"]
[Date "2012.12.27"]
[Round "2.3"]
[White "Chernykh, Arkady"]
[Black "Lehne, Arwin Hugo"]
[Result "0-1"]
[WhiteElo "1192"]
[BlackElo "1289"]
[PlyCount "62"]
[EventDate "2012.??.??"]
[WhiteTeam "Karlsruher SF 1853"]
[BlackTeam "TuS Coswig 1920"]

1. e4 c5 2. Nc3 Nc6 3. Bc4 g6 4. Nf3 Bg7 5. d3 e6 6. Be3 b6 7. Qd2 Nge7 8. Nb5
O-O 9. Bf4 e5 10. Bh6 a6 11. Bxg7 Kxg7 12. Nc3 b5 13. Bb3 Bb7 14. a4 Qb6 15.
Nd5 Nxd5 16. Bxd5 Nb4 17. Bxb7 Qxb7 18. Nxe5 d5 19. Qc3 Kg8 20. Qxc5 dxe4 21.
Qxb4 exd3 22. Nxd3 Qxg2 23. O-O-O bxa4 24. Qxa4 Rfc8 25. Qd7 Qe4 26. Rhe1 Qc4
27. c3 Rd8 28. Ne5 Qf4+ 29. Qd2 Rxd2 30. Rxd2 Rd8 31. Nd3 Rd4 0-1

[Event "SC Erlangen 48/88-SV Worms 1878"]
[Site "?"]
[Date "2012.12.27"]
[Round "2.3"]
[White "Faal, Marcel"]
[Black "Tschammer, Kai"]
[Result "0-1"]
[WhiteElo "1261"]
[BlackElo "1278"]
[PlyCount "58"]
[EventDate "2012.??.??"]
[WhiteTeam "SV Worms 1878"]
[BlackTeam "SC Erlangen 48/88"]

1. e4 e5 2. Nf3 Nc6 3. Bc4 Nf6 4. Ng5 d5 5. exd5 Na5 6. Bb5+ c6 7. dxc6 bxc6 8.
Bd3 Ng4 9. Ne4 f5 10. Ng3 Qd4 11. O-O Bc5 12. c3 Qxd3 13. h3 Bxf2+ 14. Rxf2
Nxf2 15. Kxf2 e4 16. Qa4 Qb5 17. Qd4 Qb6 18. Qxb6 axb6 19. Ke3 Nb3 20. Na3 Nxa1
21. d3 O-O 22. Ke2 exd3+ 23. Kxd3 f4 24. Ne2 f3 25. gxf3 Rxf3+ 26. Ke4 Rxh3 27.
Be3 Bg4 28. Nf4 Re8+ 29. Kd4 Rhxe3 0-1

[Event "SF Biberach-SC Porta Westfalica Holtrup"]
[Site "?"]
[Date "2012.12.27"]
[Round "2.3"]
[White "Götz, Michael"]
[Black "Triantafillidis, Simeon"]
[Result "0-1"]
[WhiteElo "1353"]
[BlackElo "1219"]
[PlyCount "48"]
[EventDate "2012.??.??"]
[WhiteTeam "SC Porta Westfalica Holtrup"]
[BlackTeam "SF Biberach"]

1. e4 e5 2. Nf3 Nc6 3. Bc4 Nf6 4. Ng5 d5 5. exd5 Na5 6. Bb5+ c6 7. dxc6 bxc6 8.
Ba4 h6 9. Nf3 e4 10. Qe2 Be7 11. Ne5 Qd5 12. f4 exf3 13. Nxf3 Bg4 14. O-O Bxf3
15. Rxf3 Qc5+ 16. Kh1 O-O 17. Nc3 Bd6 18. Ne4 Nxe4 19. Qxe4 Rfe8 20. Qh4 Qh5
21. Kg1 Qxh4 22. g3 Qxa4 23. b3 Qd4+ 24. Kg2 Qxa1 0-1

[Event "SF Biberach-SC Porta Westfalica Holtrup"]
[Site "?"]
[Date "2012.12.27"]
[Round "2.2"]
[White "Fischer, Patrick"]
[Black "Gomolinsky, Phil"]
[Result "1/2-1/2"]
[WhiteElo "1278"]
[BlackElo "1328"]
[PlyCount "48"]
[EventDate "2012.??.??"]
[WhiteTeam "SF Biberach"]
[BlackTeam "SC Porta Westfalica Holtrup"]

1. e4 c5 2. c3 d5 3. e5 Nc6 4. d4 cxd4 5. cxd4 Bf5 6. Nf3 e6 7. Bb5 Bxb1 8.
Rxb1 Qa5+ 9. Bd2 Qxb5 10. a4 Qb6 11. O-O Nge7 12. Bc3 Nf5 13. b4 Rc8 14. Qd2
Be7 15. b5 Ncxd4 16. Bxd4 Nxd4 17. Nxd4 O-O 18. a5 Qc7 19. Rfc1 Qxe5 20. a6 b6
21. Rc6 Bc5 22. Nf3 Qf5 23. Rf1 Rxc6 24. bxc6 Rc8 {Notation unvollständig}
1/2-1/2

[Event "SK München Südost-Hagener SV"]
[Site "?"]
[Date "2012.12.27"]
[Round "2.3"]
[White "Laubrock, Paul"]
[Black "Bergauz, Igal"]
[Result "1-0"]
[WhiteElo "1599"]
[BlackElo "1311"]
[PlyCount "41"]
[EventDate "2012.??.??"]
[WhiteTeam "Hagener SV"]
[BlackTeam "SK München Südost"]

1. d4 d5 2. Bf4 Nf6 3. f3 Nc6 4. Qd2 Bf5 5. Nc3 e6 6. e3 Nh5 7. Nge2 Nxf4 8.
Nxf4 Bd6 9. Nfe2 O-O 10. O-O-O Qg5 11. g4 Bg6 12. h4 Qh6 13. h5 Bxc2 14. Kxc2
Nb4+ 15. Kb1 c5 16. f4 Qf6 17. dxc5 Bxc5 18. Nd4 Rfe8 19. Bb5 Re7 20. Rdg1 Bxd4
21. g5 1-0

[Event "SG Aufbau Elbe Magdeburg-Hamburger SK vo"]
[Site "?"]
[Date "2012.12.27"]
[Round "2.3"]
[White "Meyling, Lennart"]
[Black "Rößler, Linus Benedict"]
[Result "1/2-1/2"]
[WhiteElo "1555"]
[BlackElo "1472"]
[PlyCount "39"]
[EventDate "2012.??.??"]
[WhiteTeam "Hamburger SK von 1830"]
[BlackTeam "SG Aufbau Elbe Magdeburg"]

1. e4 c5 2. Nf3 d6 3. d4 cxd4 4. Nxd4 Nf6 5. Nc3 a6 6. Bg5 e6 7. Bc4 Be7 8. f4
Qc7 9. Bb3 O-O 10. O-O b5 11. Re1 Bb7 12. e5 Ne8 13. Bxe7 Qxe7 14. exd6 Qxd6
15. f5 exf5 16. Nxf5 Qb6+ 17. Kh1 Qf6 18. Ne7+ Kh8 19. Ned5 Bxd5 20. Nxd5 {
Notation unvollständig} 1/2-1/2

[Event "SC Erlangen 48/88-SV Worms 1878"]
[Site "?"]
[Date "2012.12.27"]
[Round "2.4"]
[White "Grüninger, Maxim"]
[Black "Wiedemann, Julia"]
[Result "1-0"]
[WhiteElo "1324"]
[BlackElo "1178"]
[PlyCount "39"]
[EventDate "2012.??.??"]
[WhiteTeam "SC Erlangen 48/88"]
[BlackTeam "SV Worms 1878"]

1. e4 d6 2. d4 Nf6 3. Nc3 c6 4. Nf3 Qa5 5. Bd2 Bg4 6. h3 Bxf3 7. Qxf3 e5 8.
dxe5 dxe5 9. Bc4 Be7 10. O-O O-O 11. Rad1 Nbd7 12. Bg5 Rfe8 13. Rxd7 Nxd7 14.
Qxf7+ Kh8 15. Bxe7 Qc7 16. Rd1 b5 17. Bf6 Rg8 18. Rxd7 Qc8 19. Bxg7+ Rxg7 20.
Qxg7# 1-0

[Event "SG Blau-Weiß Stadtilm-Märkischer Spr. Ha"]
[Site "?"]
[Date "2012.12.27"]
[Round "2.4"]
[White "Bock, Alexander"]
[Black "Hardt, Silas"]
[Result "1/2-1/2"]
[WhiteElo "1012"]
[BlackElo "1087"]
[PlyCount "40"]
[EventDate "2012.??.??"]
[WhiteTeam "SG Blau-Weiß Stadtilm"]
[BlackTeam "Märkischer Spr. Halver-Schalksm."]

1. e4 e5 2. Nf3 Nc6 3. d3 Nf6 4. Be3 Be7 5. g3 d6 6. h3 Be6 7. Bg2 d5 8. Nbd2
Qd7 9. c3 O-O-O 10. Ng5 d4 11. cxd4 Nxd4 12. Ndf3 Kb8 13. Bxd4 exd4 14. b3 Rhf8
15. Nxe6 fxe6 16. Qc2 Bd6 17. Qb2 e5 18. Ng5 Rde8 19. f4 h6 20. Nf3 Nh5 {
Notation unvollständig} 1/2-1/2

[Event "SR Spaichingen-Sfr. Schöneck"]
[Site "?"]
[Date "2012.12.27"]
[Round "2.3"]
[White "Timpel, Kaan"]
[Black "Zetto, Lukas"]
[Result "0-1"]
[WhiteElo "939"]
[BlackElo "1204"]
[PlyCount "35"]
[EventDate "2012.??.??"]
[WhiteTeam "Sfr. Schöneck"]
[BlackTeam "SR Spaichingen"]

1. e4 e6 2. d4 d5 3. e5 c5 4. c3 Nc6 5. Nf3 cxd4 6. cxd4 Bb4+ 7. Nc3 Nge7 8.
Bb5 Qa5 9. Qa4 a6 10. Qxa5 Bxa5 11. Ba4 b5 12. b4 Bxb4 13. a3 Bxc3+ 14. Bd2
Bxa1 15. Bc1 Bxd4 16. O-O O-O 17. Bg5 f6 18. Bd2 {Notation unvollständig} 0-1

[Event "Turm Wadern-SF Gerresheim 86"]
[Site "?"]
[Date "2012.12.27"]
[Round "2.4"]
[White "Kurz, Annika"]
[Black "Rodzin, Konstantin"]
[Result "0-1"]
[WhiteElo "963"]
[BlackElo "999"]
[PlyCount "114"]
[EventDate "2012.??.??"]
[WhiteTeam "Turm Wadern"]
[BlackTeam "SF Gerresheim 86"]

1. e4 e5 2. Nf3 Nf6 3. Nxe5 d6 4. Nf3 Nxe4 5. d3 Nf6 6. Bg5 Nc6 7. Nc3 Be7 8.
g3 Bg4 9. Bg2 Nd4 10. O-O O-O 11. h3 Bxf3 12. Bxf3 c6 13. Bg4 Nxg4 14. Qxg4
Nxc2 15. Bh6 Bf6 16. Rac1 Nd4 17. Ne4 Re8 18. Rfe1 d5 19. Nxf6+ Qxf6 20. Rxe8+
Rxe8 21. Bg5 Nf3+ 22. Kg2 Nxg5 23. Re1 Kf8 24. Rxe8+ Kxe8 25. Qc8+ Qd8 26. Qxb7
Qd7 27. Qb8+ Ke7 28. Qe5+ Ne6 29. f4 Qd6 30. Qe2 Kd7 31. f5 Nd4 32. Qg4 Qf6 33.
Qh5 Qxf5 34. Qxf5+ Nxf5 35. g4 Ne3+ 36. Kf3 d4 37. Ke4 c5 38. b4 Kd6 39. a3 Nc2
40. bxc5+ Kxc5 41. a4 Kb4 42. Ke5 Kc3 43. Ke4 Ne1 44. g5 Nxd3 45. h4 Nc5+ 46.
Kf3 d3 47. Ke3 d2 48. Ke2 Kc2 49. a5 d1=Q+ 50. Ke3 Qd3+ 51. Kf4 Ne6+ 52. Ke5
Qb5+ 53. Ke4 Qd3+ 54. Ke5 Kc3 55. a6 Kc4 56. g6 Qd4+ 57. Kf5 Qf4# 0-1

[Event "SC Erlangen 48/88-SV Worms 1878"]
[Site "?"]
[Date "2012.12.27"]
[Round "2.2"]
[White "Tong, Kevin"]
[Black "Guckes, Fabian"]
[Result "1-0"]
[WhiteElo "1663"]
[BlackElo "1321"]
[PlyCount "93"]
[EventDate "2012.??.??"]
[WhiteTeam "SC Erlangen 48/88"]
[BlackTeam "SV Worms 1878"]

1. e4 c5 2. Nf3 Nc6 3. d4 cxd4 4. Nxd4 Nf6 5. Nc3 e5 6. Ndb5 d6 7. Bg5 a6 8.
Na3 b5 9. Bxf6 gxf6 10. Nd5 Be6 11. Bd3 f5 12. Qh5 Bg7 13. O-O O-O 14. exf5
Bxd5 15. f6 h6 16. Qf5 e4 17. fxg7 Kxg7 18. Qxd5 exd3 19. Qxc6 Qf6 20. Qf3 dxc2
21. Qxf6+ Kxf6 22. Nxc2 Rfd8 23. Rfe1 d5 24. Rad1 Rac8 25. Nd4 Re8 26. Kf1
Rxe1+ 27. Kxe1 Ke5 28. Nf3+ Ke6 29. Kd2 Rc4 30. b3 Re4 31. Re1 Rxe1 32. Nxe1
Ke5 33. Kd3 a5 34. Nf3+ Kd6 35. Kd4 f6 36. Nh4 a4 37. Nf5+ Kc6 38. Nxh6 axb3
39. axb3 b4 40. h4 Kd6 41. h5 Ke6 42. g4 Ke7 43. Kxd5 Kf8 44. f4 Kg7 45. g5
fxg5 46. fxg5 Kh7 47. Nf5 1-0

[Event "SG Blau-Weiß Stadtilm-Märkischer Spr. Ha"]
[Site "?"]
[Date "2012.12.27"]
[Round "2.2"]
[White "Schramm, Moritz"]
[Black "Sailer, Tom"]
[Result "1-0"]
[WhiteElo "1441"]
[BlackElo "883"]
[PlyCount "87"]
[EventDate "2012.??.??"]
[WhiteTeam "SG Blau-Weiß Stadtilm"]
[BlackTeam "Märkischer Spr. Halver-Schalksm."]

1. e4 e6 2. Nc3 Bb4 3. Nge2 Qe7 4. d3 Bxc3+ 5. Nxc3 d5 6. g3 c6 7. Bg2 d4 8.
Ne2 e5 9. f4 Bg4 10. O-O Nd7 11. h3 Bxe2 12. Qxe2 f6 13. b3 O-O-O 14. a4 Qb4
15. Bd2 Qc5 16. Rfc1 Re8 17. b4 Qb6 18. Kh1 c5 19. bxc5 Qxc5 20. c3 Kb8 21.
cxd4 Qxd4 22. Be3 Qd6 23. Qc2 Ne7 24. Rab1 b6 25. a5 Rc8 26. Qb3 Rxc1+ 27. Rxc1
Rc8 28. Rb1 Rc6 29. d4 g5 30. d5 Rc7 31. fxg5 f5 32. axb6 axb6 33. Bxb6 Nxb6
34. Qxb6+ Qxb6 35. Rxb6+ Rb7 36. Rxb7+ Kxb7 37. d6 Ng8 38. exf5+ Kc8 39. Bc6 e4
40. Bxe4 Kd7 41. f6 Ke6 42. Bxh7 Nxf6 43. gxf6 Kxf6 44. Bf5 1-0